A Court of Thorns and Roses Trivia - Statistics

General Stats
  • This quiz has been taken 306 times
    299 since last reset
  • The average score is 25 of 35
Answer Stats
Question Answer % Correct
What are the seven courts of Prythian? Night
99%
Spring
99%
Winter
99%
Summer
98%
Autumn
97%
Day
97%
Feyre's two sisters are. . .? Nesta
93%
Elain
92%
Dawn
90%
Name the seven High Lords of Prythian. Rhysand
90%
Velaris
90%
She called herself the High Queen of Prythian Amarantha
89%
Tamlin
88%
What seperates the human and Fae realms? The wall
87%
What mask did Lucien wear? Fox
84%
The object that turns Feyre's sisters into Fae is the...? Cauldron
83%
Name the creature that Feyre goes to for advice The Suriel
83%
Cassian and Azriel are. . .? Illyrian
81%
Beron
78%
Who is Lucien's real father? Helion
78%
Helion
78%
High Priestess / sexual predator Ianthe
75%
Tarquin
70%
The two subcourts of the Night Court are the. . .? Court of Nightmares
67%
Kallias
66%
Court of Dreams
62%
Name the two known cities in the Night Court Hewn CIty
60%
Resurrected Human. Jurian
58%
Thesan
52%
Who is the steward of the Hewn City? Keir
46%
The wolf that Feyre kills Andras
42%
King of Hybern's niece and nephew Brannagh
25%
Dagdan
23%
Where do Drakon and Miryam live? Cretea
11%
Alis is one of these. Urisk
4%
No matching quizzes found
Score Distribution
Percent of People with Each Score
Percentile by Number Answered
Your Score History
You have not taken this quiz since the last reset